| 000 | 00802nam a22002297a 4500 | ||
|---|---|---|---|
| 005 | 20240530110617.0 | ||
| 008 | 161120s2015 ua a g b 000 0dara d | ||
| 017 |
_a2015/25799 _bمصر. دار الكتب |
||
| 020 | _a9789774103616 | ||
| 040 |
_aEG-CaGPL _cEG-CaGPL |
||
| 082 | 0 | 4 |
_221 _a371.207\ _bن ت |
| 100 | 0 | _aنشوى رفعت محمد شحاته . | |
| 245 | 1 | 0 |
_aتصميم التعليم / _cاعداد نشوى رفعت محمد شحاته . |
| 250 | _aط.1 | ||
| 260 |
_aالمنصورة : _bالمكتبة العصرية للنشر و التوزيع ، _c2015 . |
||
| 300 |
_a156 ص ؛ _c24 سم . |
||
| 504 | _aببليوجرافية : ص 144 - 155 | ||
| 650 | 0 | 7 |
_2qrmak _aالتعليم . |
| 651 | _2qrmak | ||
| 942 |
_2ddc _cBK |
||
| 999 |
_c62977 _d62977 |
||